| 000 | 00605nam a22002417a 4500 | ||
|---|---|---|---|
| 005 | 20231006082128.0 | ||
| 008 | 180810b2004 xxu||||| |||| 00| 0 spa d | ||
| 020 | _a8497840232 | ||
| 041 | _aESP | ||
| 082 | _a305.42 B814f | ||
| 100 |
_aBraidotti, Rosi _949075 |
||
| 245 | _aFeminismo, diferencia sexual y subjetividad nómade | ||
| 260 | _aEspaña | ||
| 260 | _bGedisa | ||
| 260 | _c2004 | ||
| 300 | _a234 páginas | ||
| 650 | _aFEMINISMO | ||
| 650 | _aDIFERENCIAS SEXUALES | ||
| 650 | _aCIBERFEMINISMO | ||
| 650 | _aÉTICA | ||
| 650 | _aDERECHOS HUMANOS | ||
| 942 |
_cBK _2ddc |
||
| 999 |
_c10993 _d10993 |
||